000 00589nam a2200217 a 4500
005 20210219152844.0
008 991125n 000 0 spa u
035 _aUPN01000063336
100 _aSANTANA HENRIQUEZ, Mirta
222 _aEDUCACION
245 _aAjustes introducidos en los primeros grados de educación primaria
260 _aCuba
300 _a56-62
362 _a1986 Año 16, no. 61, abr.-jun.
653 0 _aCUBA
653 0 _aEDUCACION PRIMARIA
653 0 _aEVALUACION CURRICULAR
653 0 _aREFORMA EDUCATIVA
904 _aAC
_b001147
905 _aArticulo
999 _c62076
_d62076